000 00486nam a2200181Ia 4500
008 090124s9999 xx 000 0 und d
082 _b101757
100 _aअमरेन्द्र
245 _a ताई आणि भाऊ
250 _a1
260 _c1941
300 _a115
600 _aअमरेन्द्र
630 _a ताई आणि भाऊ
700 _aअमरेन्द्र
730 _a ताई आणि भाऊ
942 _cBOOK
999 _c147849
_d147849